000 00632nam a2200229Ia 4500
003 OSt
005 20220925172525.0
006 a|||||r|||| 00| 0
007 ta
008 220923b |||||||| |||| 00| 0 eng d
037 _cGeneral Book
040 _aRTL
_cRTL
_beng
041 _2eng
_aeng
082 _aY73(Q7).2.N7, L3
100 _aKulkarni V B
245 0 _aIndia and Pakistan
_b A historical survey of Hindu-
260 _aBombay
_bJaico
_c1973
300 _avi, 528p
_ccm.
650 _aMuslims
_926356
942 _hY73(Q7).2.N7, L3
_cGB
_2CC
999 _c485282
_d485282